000 00256nam a2200097Ia 4500
001 766523
005 20250826165342.0
008 250824s9999 xx 000 0 und d
245 0 _aIŞIK AVCISI TEKİN YILDIZI
_cALİ SAÇIKARA
260 _bATLIKARINCA YAYINLARI
999 _c766523
_d766523